00235nam a2200097Ia 4500008004100000082000800041100001600049245003800065260002600103365000800129220603s9999 xx 000 0 und d bSED aSeda Sheila aNursing Journal of IndiabJan-Dec aNew DelhibTNAIc2014 bRs.